Eastern Utah Libraries Catalog: Duchesne, Heber, Roosevelt, & Vernal

King of the Wind : (Record no. 215828)

MARC details
000 -LEADER
fixed length control field 02421cam a2200601Ia 4500
001 - CONTROL NUMBER
control field 2149911
005 - DATE AND TIME OF LATEST TRANSACTION
control field 20260205142048.0
008 - FIXED-LENGTH DATA ELEMENTS--GENERAL INFORMATION
fixed length control field 010213r20061948nyua c b 000 1 eng d
010 ## - LIBRARY OF CONGRESS CONTROL NUMBER
Canceled/invalid LC control number 91013474
020 ## - INTERNATIONAL STANDARD BOOK NUMBER
International Standard Book Number 9780756980979 (Perfection bdg.) :
Terms of availability $17.00
020 ## - INTERNATIONAL STANDARD BOOK NUMBER
International Standard Book Number 0756980976 :
Terms of availability $17.00
020 ## - INTERNATIONAL STANDARD BOOK NUMBER
International Standard Book Number 9781416927860 (pbk)
020 ## - INTERNATIONAL STANDARD BOOK NUMBER
International Standard Book Number 1416927867 (pbk)
035 ## - SYSTEM CONTROL NUMBER
System control number (OCoLC)793655139
Canceled/invalid control number (OCoLC)176927027
035 ## - SYSTEM CONTROL NUMBER
System control number 2067679
035 ## - SYSTEM CONTROL NUMBER
System control number (OCoLC)793655139
Canceled/invalid control number (OCoLC)176927027
035 ## - SYSTEM CONTROL NUMBER
System control number (OCoLC)ocn793655139
035 ## - SYSTEM CONTROL NUMBER
System control number 1309593
035 ## - SYSTEM CONTROL NUMBER
System control number 2067679
040 ## - CATALOGING SOURCE
Original cataloging agency UPB
Language of cataloging eng
Description conventions rda
Transcribing agency UBY
Modifying agency BTCTA
-- OCLCQ
-- OCLCO
-- OCLCQ
-- OCLCO
-- IGA
043 ## - GEOGRAPHIC AREA CODE
Geographic area code e-uk-en
049 ## - LOCAL HOLDINGS (OCLC)
Holding library IGAA
050 14 - LIBRARY OF CONGRESS CALL NUMBER
Classification number PZ10.3.H43
Item number Ki 2006
082 04 - DEWEY DECIMAL CLASSIFICATION NUMBER
Classification number [Fic]
Edition number 22
092 ## - LOCALLY ASSIGNED DEWEY CALL NUMBER (OCLC)
Classification number F
999 ## - SYSTEM CONTROL NUMBERS (KOHA)
Koha Dewey Subclass [OBSOLETE] F
100 1# - MAIN ENTRY--PERSONAL NAME
Personal name Henry, Marguerite,
Dates associated with a name 1902-1997,
Relator term author.
9 (RLIN) 3245
245 10 - TITLE STATEMENT
Title King of the Wind :
Remainder of title the story of the Godolphin Arabian /
Statement of responsibility, etc Marguerite Henry ; illustrated by Wesley Dennis.
250 ## - EDITION STATEMENT
Edition statement Aladdin Paperbacks edition.
260 ## - PUBLICATION, DISTRIBUTION, ETC. (IMPRINT)
Place of publication, distribution, etc New York :
Name of publisher, distributor, etc Aladdin Paperbacks
Date of publication, distribution, etc 2006.
264 ## - Production, Publication, Distribution, Manufacture, and Copyright Notice.
Place of production, publication, distribution, manufacture New York :
Name of producer, publisher, distributor, manufacturer Aladdin Paperbacks
Date of production, publication, distribution, manufacture, or copyr 2006
300 ## - PHYSICAL DESCRIPTION
Extent 172 pages :
Other physical details illustrations ;
Dimensions 20 cm
336 ## - Content Type
Content type term text
337 ## - Media type
Media type term unmediated
338 ## - Carrier type
Carrier type term volume
490 ## - SERIES STATEMENT
Series statement Newbery
500 ## - GENERAL NOTE
General note "Text copyright 1948 ... This Aladdin Paperbacks edition December 2006"--Title page verso.
504 ## - BIBLIOGRAPHY, ETC. NOTE
Bibliography, etc Includes bibliographical references (page 175).
520 ## - SUMMARY, ETC.
Summary, etc Sham and the stable boy Agba travel from Morocco to France to England where, at last, Sham's majesty is recognized and he becomes the "Godolphin Arabian," ancestor of the most superior Thoroughbred horses.
586 ## - AWARDS NOTE
Awards note Newbery Medal (1949).
650 ## - SUBJECT ADDED ENTRY--TOPICAL TERM
Topical term or geographic name as entry element Newbery Medal
650 #0 - SUBJECT ADDED ENTRY--TOPICAL TERM
Topical term or geographic name as entry element Arabian horse
Form subdivision Juvenile fiction.
9 (RLIN) 5714604
650 #0 - SUBJECT ADDED ENTRY--TOPICAL TERM
Topical term or geographic name as entry element Horses
Form subdivision Juvenile fiction.
9 (RLIN) 5674797
650 #0 - SUBJECT ADDED ENTRY--TOPICAL TERM
Topical term or geographic name as entry element Human-animal relationships
Form subdivision Juvenile fiction.
9 (RLIN) 5681283
650 #0 - SUBJECT ADDED ENTRY--TOPICAL TERM
Topical term or geographic name as entry element Individuality
Form subdivision Juvenile fiction.
9 (RLIN) 5675473
650 #0 - SUBJECT ADDED ENTRY--TOPICAL TERM
Topical term or geographic name as entry element Newbery Medal.
9 (RLIN) 88545
651 #0 - SUBJECT ADDED ENTRY--GEOGRAPHIC NAME
Geographic name England
Form subdivision Juvenile fiction.
9 (RLIN) 5673696
655 #7 - INDEX TERM--GENRE/FORM
Genre/form data or focus term Historical fiction.
Source of term lcgft
9 (RLIN) 102701
700 1# - ADDED ENTRY--PERSONAL NAME
Personal name Dennis, Wesley,
Relator term illustrator.
9 (RLIN) 7817
942 ## - ADDED ENTRY ELEMENTS (KOHA)
Source of classification or shelving scheme Dewey Decimal Classification
Koha item type BOOK
948 ## - LOCAL PROCESSING INFORMATION (OCLC); SERIES PART DESIGNATOR (RLIN)
Series part designator, SPT (RLIN) BFP
b (OCLC) CHILDREN'S
p (OCLC) X110555984
k (OCLC) J
h (OCLC) F
f (OCLC) 0
r (OCLC) 2
g (OCLC) 0
7 (OCLC) 0
u (OCLC) 3
w (OCLC) 11
s (OCLC) 0
o (OCLC) BFP
0 (OCLC) $17.00
y (OCLC) 99
c (OCLC) 26
j (OCLC) Dewey Decimal
n (OCLC) On-Order
e (OCLC) 785675-1
Holdings
Withdrawn status Lost status Source of classification or shelving scheme Damaged status Not for loan Collection code Home library Current library Shelving location Date acquired Source of acquisition Cost, normal purchase price Total Checkouts Total Renewals Full call number Barcode Date last seen Date checked out Cost, replacement price Price effective from Koha item type
    Dewey Decimal Classification     Junior Fiction Wasatch County Library Wasatch County Library Main Floor Junior Area 11/21/2019 Donation 7.99 7 10 J Henry 34301001600925 01/06/2026 12/20/2025 7.99 03/20/2020 BOOK
This project was made possible through a grant from the Institute of Museum and Library Service administered by the Utah State Library Division.

Wasatch County Library

  • 465 East 1200 South, Heber City, Utah 84032
  • Phone 435-654-1511 | Fax 435-654-6456

Hours

  • Monday - Friday 9:30 AM - 8:00 PM
  • Saturday 9:30 AM - 1:30 PM
  • Closed Sundays and Holidays